[Event "Novosibirsk Sukharev Memorial op"]
[Site "Novosibirsk"]
[Date "2010.07.22"]
[Round "5"]
[White "Kuzmin, Georgy"]
[Black "Kazachansky, Sergei"]
[Result "1-0"]
[WhiteElo "1996"]
[BlackElo "2087"]
[PlyCount "111"]
[EventDate "2010.07.18"]
[EventType "swiss"]
[EventRounds "9"]
[EventCountry "RUS"]
[SourceTitle "EXT 2011"]
[Source "ChessBase"]
[SourceDate "2010.11.26"]
[SourceVersion "1"]
[SourceVersionDate "2010.11.26"]
[SourceQuality "1"]

1. e4 e6 2. d4 d5 3. e5 c5 4. c3 Bd7 5. Nf3 Qb6 6. a3 a5 7. Bd3 Bb5 8. 0-0 Nc6 9. Qe2 Bxd3 10. Qxd3 Qa6 11. Qxa6 Rxa6 12. b3 Ra8 13. Bb2 Nge7 14. Re1 Ng6 15. g3 Be7 16. Nbd2 cxd4 17. cxd4 Kd7 18. Rac1 f6 19. Nb1 fxe5 20. Nxe5+ Ngxe5 21. dxe5 a4 22. b4 g5 23. f3 Bd8 24. Kg2 Bb6 25. Rcd1 Rhc8 26. Rd2 Ne7 27. g4 Ng6 28. Nc3 Rf8 29. Kg3 Bc7 30. Ne4 b6 31. Nf2 Rf7 32. Nh3 h6 33. Rd3 Rc8 34. Bd4 Bd8 35. Rc3 Rxc3 36. Bxc3 Kc6 37. Bd4 Kb5 38. Re3 Bc7 39. Kf2 Ne7 40. Ke2 Nc6 41. Kd3 Rf8 42. Ng1 h5 43. Ne2 hxg4 44. Nc3+ Ka6 45. b5+ Kb7 46. bxc6+ Kxc6 47. fxg4 b5 48. Rh3 Rb8 49. Rh6 Kd7 50. Rh7+ Kc6 51. Re7 b4 52. axb4 Rxb4 53. Rxe6+ Kd7 54. Rg6 a3 55. Rg7+ Kc6 56. Rxc7+ 1-0

[Event "Novosibirsk Region-ch"]
[Site "Novosibirsk"]
[Date "2009.12.07"]
[Round "5"]
[White "Gavrilov, Gennady"]
[Black "Kazachansky, Sergei"]
[Result "1/2-1/2"]
[WhiteElo "2099"]
[BlackElo "2082"]
[PlyCount "85"]
[EventDate "2009.12.04"]
[EventType "swiss"]
[EventRounds "9"]
[EventCountry "RUS"]
[SourceTitle "EXT 2011"]
[Source "ChessBase"]
[SourceDate "2010.11.26"]
[SourceVersion "1"]
[SourceVersionDate "2010.11.26"]
[SourceQuality "1"]

1. e4 c5 2. Ne2 e6 3. g3 Nc6 4. Bg2 Nf6 5. d4 cxd4 6. Nxd4 Qc7 7. 0-0 a6 8. Nc3 h5 9. Re1 Nxd4 10. Qxd4 Bc5 11. Qd3 Ng4 12. Re2 h4 13. Bf4 Qb6 14. Rf1 g5 15. Bxg5 hxg3 16. Qxg3 Nxh2 17. Qe5 Bd4 18. Nd5 Bxe5 19. Nxb6 Rb8 20. Nc4 Bc7 21. Rd1 Rg8 22. f4 Nf3+ 23. Bxf3 Bxf4 24. Kf2 Bxg5 25. e5 Ke7 26. Rh1 f6 27. Rh7+ Kd8 28. Nd6 Kc7 29. Nf7 fxe5 30. Rxe5 Bf6 31. Rc5+ Kb6 32. Rc4 d5 33. Rb4+ Kc5 34. c3 b5 35. Rf4 Rg7 36. Rxg7 Bxg7 37. Rg4 Bf6 38. Rg6 Bh4+ 39. Ke3 Rb7 40. Ne5 Kd6 41. Nd3 Rc7 42. Nf4 Ke5 43. Bg4 1/2-1/2

[Event "Novosibirsk Region-ch"]
[Site "Novosibirsk"]
[Date "2009.12.05"]
[Round "2"]
[White "Kazachansky, Sergei"]
[Black "Podberezko, Pavel"]
[Result "0-1"]
[WhiteElo "2082"]
[BlackElo "1951"]
[PlyCount "56"]
[EventDate "2009.12.04"]
[EventType "swiss"]
[EventRounds "9"]
[EventCountry "RUS"]
[SourceTitle "EXT 2011"]
[Source "ChessBase"]
[SourceDate "2010.11.26"]
[SourceVersion "1"]
[SourceVersionDate "2010.11.26"]
[SourceQuality "1"]

1. c4 Nf6 2. Nc3 g6 3. e4 d6 4. d4 Bg7 5. Be2 0-0 6. Nf3 e5 7. 0-0 Nc6 8. d5 Ne7 9. Ne1 Ne8 10. Be3 f5 11. f3 f4 12. Bf2 g5 13. c5 Rf7 14. cxd6 cxd6 15. a4 Bf8 16. a5 Ng6 17. Nc2 h5 18. Na3 Rg7 19. Ncb5 Nh4 20. Nxa7 Rxa7 21. Bxa7 g4 22. Kh1 g3 23. Re1 Nxg2 24. Rg1 h4 25. Bf1 h3 26. Bxg2 gxh2 27. Kxh2 hxg2 28. Qe1 Qg5 0-1

[Event "Berdsk Maestro op 15th"]
[Site "Berdsk"]
[Date "2009.07.16"]
[Round "9"]
[White "Puraev, Artemiy"]
[Black "Kazachansky, Sergei"]
[Result "1-0"]
[WhiteElo "2118"]
[BlackElo "2068"]
[PlyCount "81"]
[EventDate "2009.07.08"]
[EventType "swiss"]
[EventRounds "9"]
[EventCountry "RUS"]
[SourceTitle "EXT 2022"]
[Source "ChessBase"]
[SourceDate "2021.10.06"]
[SourceVersion "1"]
[SourceVersionDate "2021.10.06"]
[SourceQuality "1"]

1. Nf3 e6 2. c4 c5 3. Nc3 Nf6 4. g3 b6 5. Bg2 Bb7 6. 0-0 a6 7. d4 cxd4 8. Qxd4 d6 9. Bg5 Be7 10. Bxf6 Bxf6 11. Qd3 Ra7 12. Rfd1 Be7 13. Nd4 Bxg2 14. Kxg2 0-0 15. b3 Qc8 16. e4 Rd8 17. f4 Nd7 18. Qe3 Rc7 19. f5 Ne5 20. Nce2 Re8 21. Nf4 Bg5 22. fxe6 fxe6 23. Qe2 Nf7 24. Nf3 Bf6 25. Rab1 Qb7 26. Rd2 b5 27. Re1 Bg5 28. Rc2 Rd7 29. cxb5 axb5 30. h4 Bh6 31. Rd1 Nd8 32. Kh2 Rf8 33. Ng2 Rdf7 34. Nd4 b4 35. Qd3 g5 36. hxg5 Bxg5 37. Nb5 Rf3 38. Qxd6 Qxb5 39. Rc5 Nf7 40. Rxb5 Nxd6 41. Rxg5+ 1-0

[Event "Berdsk Maestro op 15th"]
[Site "Berdsk"]
[Date "2009.07.15"]
[Round "8"]
[White "Kazachansky, Sergei"]
[Black "Volontinas, Ivan Nikolaevich"]
[Result "0-1"]
[WhiteElo "2068"]
[BlackElo "2192"]
[PlyCount "88"]
[EventDate "2009.07.08"]
[EventType "swiss"]
[EventRounds "9"]
[EventCountry "RUS"]
[SourceTitle "EXT 2022"]
[Source "ChessBase"]
[SourceDate "2021.10.06"]
[SourceVersion "1"]
[SourceVersionDate "2021.10.06"]
[SourceQuality "1"]

1. Nf3 Nf6 2. d4 e6 3. Bf4 c5 4. e3 Be7 5. h3 b6 6. Nbd2 Bb7 7. Bd3 d6 8. c3 a6 9. Qc2 Nc6 10. dxc5 bxc5 11. 0-0-0 0-0 12. Rhg1 e5 13. Bh2 Qc7 14. g4 g6 15. Kb1 Rfe8 16. h4 d5 17. e4 Rad8 18. exd5 Nxd5 19. Ne4 Nf4 20. Bxf4 exf4 21. Rde1 Ne5 22. Nxe5 Qxe5 23. Ng5 Qd6 24. Be4 Bxg5 25. Bxb7 Bxh4 26. Rd1 Qb6 27. Bd5 Kg7 28. c4 Qf6 29. Rh1 Rb8 30. Bf3 Red8 31. Rd5 Rxd5 32. cxd5 Bg5 33. Rd1 Qd6 34. Rd2 Bf6 35. Qc1 Rb6 36. Re2 Qb8 37. g5 Bd4 38. Bg4 a5 39. Bd7 Qd8 40. Bc6 Qxg5 41. Qe1 Qf5+ 42. Ka1 Qd3 43. Rd2 Qc3 44. Qd1 Rxb2 0-1

[Event "Berdsk Maestro op 15th"]
[Site "Berdsk"]
[Date "2009.07.13"]
[Round "6"]
[White "Sviridov, Valery"]
[Black "Kazachansky, Sergei"]
[Result "0-1"]
[WhiteElo "2218"]
[BlackElo "2068"]
[PlyCount "92"]
[EventDate "2009.07.08"]
[EventType "swiss"]
[EventRounds "9"]
[EventCountry "RUS"]
[SourceTitle "EXT 2022"]
[Source "ChessBase"]
[SourceDate "2021.10.06"]
[SourceVersion "1"]
[SourceVersionDate "2021.10.06"]
[SourceQuality "1"]

1. d4 c5 2. d5 e5 3. e4 d6 4. Nc3 g6 5. h3 Bg7 6. Nf3 Ne7 7. Nd2 Na6 8. Bb5+ Bd7 9. Nc4 Nc8 10. f4 Qh4+ 11. Kf1 exf4 12. Bxd7+ Kxd7 13. Bd2 Nc7 14. Be1 Qg5 15. h4 Qh5 16. Qxh5 gxh5 17. Kf2 b5 18. Na5 Ne7 19. Kf3 b4 20. Nd1 Ng6 21. c3 Nb5 22. Nc6 a5 23. c4 Nc7 24. Bd2 Ne5+ 25. Nxe5+ dxe5 26. Nf2 Bf8 27. Nd3 Bd6 28. Be1 Rhg8 29. Bf2 Na6 30. a3 b3 31. a4 Rgc8 32. Ra3 Rab8 33. Nc1 Rb4 34. Nxb3 Rcb8 35. Nxa5 Rxb2 36. Rc1 f5 37. Be1 fxe4+ 38. Kxe4 Rxg2 39. Kf3 Rh2 40. Rac3 Rf8 41. Ke4 Re2+ 42. Kf3 Ra2 43. Ke4 Nb4 44. Nb3 Re2+ 45. Kf3 Rh2 46. Bf2 Na2 0-1

[Event "Berdsk Maestro op 15th"]
[Site "Berdsk"]
[Date "2009.07.10"]
[Round "3"]
[White "Kazachansky, Sergei"]
[Black "Bublei, Pavel"]
[Result "0-1"]
[WhiteElo "2068"]
[BlackElo "2189"]
[PlyCount "88"]
[EventDate "2009.07.08"]
[EventType "swiss"]
[EventRounds "9"]
[EventCountry "RUS"]
[SourceTitle "EXT 2022"]
[Source "ChessBase"]
[SourceDate "2021.10.06"]
[SourceVersion "1"]
[SourceVersionDate "2021.10.06"]
[SourceQuality "1"]

1. Nf3 Nf6 2. c4 c6 3. d4 d5 4. Qc2 g6 5. g3 Bg7 6. Bg2 0-0 7. 0-0 Nbd7 8. Nbd2 Re8 9. Rd1 Nf8 10. h3 Be6 11. a4 a5 12. b3 Qc8 13. Kh2 Bf5 14. Qa2 Ne4 15. Nxe4 Bxe4 16. Bb2 Nd7 17. Rac1 Qb8 18. Qa1 Qa7 19. h4 Rad8 20. Kg1 Qb6 21. c5 Qc7 22. Bh3 Bxf3 23. exf3 e5 24. Re1 exd4 25. Bxd4 Bxd4 26. Qxd4 Nf8 27. Kg2 Re7 28. Re3 Rde8 29. Rce1 f5 30. Qf6 Rxe3 31. Rxe3 Rxe3 32. fxe3 Qg7 33. Qxg7+ Kxg7 34. e4 Kf6 35. g4 Ne6 36. exf5 gxf5 37. g5+ Ke5 38. Kg3 Nf4 39. Bf1 Nh5+ 40. Kf2 Kf4 41. Bd3 Ng7 42. Ke2 Ne6 43. Kd2 Nxc5 44. Kc3 Ke5 0-1

[Event "Novokuznetsk op"]
[Site "Novokuznetsk"]
[Date "2008.08.18"]
[Round "7"]
[White "Kazachansky, Sergei"]
[Black "Epifantsev, Igor"]
[Result "0-1"]
[WhiteElo "1972"]
[BlackElo "2198"]
[PlyCount "70"]
[EventDate "2008.08.12"]
[EventType "swiss"]
[EventRounds "9"]
[EventCountry "RUS"]
[SourceTitle "EXT 2022"]
[Source "ChessBase"]
[SourceDate "2021.10.06"]
[SourceVersion "1"]
[SourceVersionDate "2021.10.06"]
[SourceQuality "1"]

1. Nf3 Nf6 2. d4 e6 3. c4 b6 4. g3 Bb7 5. Bg2 Be7 6. 0-0 0-0 7. d5 exd5 8. Nh4 c6 9. cxd5 Nxd5 10. Nf5 Nf6 11. e4 d5 12. e5 Ne8 13. Qg4 Kh8 14. Nd2 Bc8 15. Qf3 f6 16. Nxe7 Qxe7 17. exf6 Qxf6 18. Qa3 Ba6 19. Nf3 Bxf1 20. Kxf1 Nd7 21. Bg5 Qg6 22. Bh3 Nef6 23. Kg2 Nc5 24. Bf4 Nh5 25. Be3 Rxf3 26. Kxf3 d4 27. b4 Qe4+ 28. Ke2 dxe3 29. bxc5 exf2+ 30. Qe3 Qc2+ 31. Kf1 Rf8 32. cxb6 axb6 33. a3 Nf6 34. Rc1 Nd5 35. Qg5 Qd3+ 0-1

[Event "Novosibirsk Sukharev Memorial op"]
[Site "Novosibirsk"]
[Date "2008.07.22"]
[Round "?"]
[White "Malchikov, Anton"]
[Black "Kazachansky, Sergei"]
[Result "1/2-1/2"]
[WhiteElo "2182"]
[BlackElo "1972"]
[PlyCount "98"]
[EventDate "2008.07.20"]
[EventType "swiss"]
[EventRounds "9"]
[EventCountry "RUS"]
[SourceTitle "EXT 2022"]
[Source "ChessBase"]
[SourceDate "2021.10.06"]
[SourceVersion "1"]
[SourceVersionDate "2021.10.06"]
[SourceQuality "1"]

1. Nf3 d5 2. c4 dxc4 3. e3 Nf6 4. Bxc4 e6 5. d4 a6 6. a4 Bd6 7. 0-0 0-0 8. Nc3 c5 9. h3 Nc6 10. Ba2 Qe7 11. e4 cxd4 12. Nxd4 Rd8 13. Nxc6 bxc6 14. Qe2 e5 15. Bc4 a5 16. Be3 Be6 17. Rfd1 Rab8 18. Bxe6 Qxe6 19. Qa6 Bb4 20. Bb6 Re8 21. Be3 h6 22. Qd3 Qb3 23. Nd5 Qxd3 24. Nxf6+ gxf6 25. Rxd3 Bf8 26. b3 Rb4 27. f3 Reb8 28. Bd2 Bc5+ 29. Kh2 Rxb3 30. Rxb3 Rxb3 31. Bxa5 Bd4 32. Rc1 c5 33. Bd8 Kg7 34. a5 Ra3 35. Bb6 Ra4 36. Bxc5 Rxa5 37. Bxd4 exd4 38. Rc4 d3 39. Rd4 Ra3 40. Kg3 Kg6 41. Rd5 Rb3 42. h4 h5 43. Kf4 Rb2 44. g3 Rd2 45. Rd8 Kg7 46. Rd7 Rd1 47. Ke3 Rg1 48. Kf2 Rd1 49. Rd5 Kg6 1/2-1/2

[Event "Berdsk Maestro op 14th"]
[Site "Berdsk"]
[Date "2008.07.10"]
[Round "3"]
[White "Kazachansky, Sergei"]
[Black "Kuznetsov, Alexander1111"]
[Result "1-0"]
[WhiteElo "1972"]
[BlackElo "2196"]
[PlyCount "47"]
[EventDate "2008.07.08"]
[EventType "swiss"]
[EventRounds "9"]
[EventCountry "RUS"]
[SourceTitle "CBM 125 Extra"]
[Source "ChessBase"]
[SourceDate "2008.09.01"]
[SourceVersion "1"]
[SourceVersionDate "2008.09.01"]
[SourceQuality "1"]

1. Nf3 Nf6 2. d4 e6 3. c4 Bb4+ 4. Nbd2 0-0 5. a3 Be7 6. e3 c5 7. dxc5 Bxc5 8. Bd3 Nc6 9. 0-0 d5 10. b4 Be7 11. Bb2 b6 12. Qe2 Bb7 13. Rfd1 dxc4 14. Nxc4 Nd7 15. Nce5 Ncxe5 16. Nxe5 Bd5 17. Nxd7 Qxd7 18. Qg4 g6 19. Qd4 f6 20. Bc4 Rad8 21. e4 Bc6 22. Qxd7 Bxd7 23. Rxd7 Rxd7 24. Bxe6+ 1-0